| 000 | 00530nam a22001817a 4500 | ||
|---|---|---|---|
| 005 | 20240828100740.0 | ||
| 008 | 240828b |||||||| |||| 00| 0 eng d | ||
| 020 | _a978-1-4398-5622-2 | ||
| 082 |
_a333.7932 _bKER-D |
||
| 100 | _aKersting, William.H | ||
| 245 |
_aDistribution System Modeling and Analysis/ _cWilliam H. Kersting |
||
| 250 | _a3rd ed. | ||
| 260 |
_aUSA; _bCRS Press, Taylor & Francis Group; _c2012 |
||
| 300 |
_axv, 439 p.; _bill.; _c24 cm. |
||
| 500 | _aIncludes index. | ||
| 650 | _aEconomics | ||
| 999 |
_c36485 _d36485 |
||